Statistiken für Top 15 der betroffenen Covid-19-Länder - 20. Mai

Klicken Sie hier um das Quiz zu spielen!

Allgemein

  • Dieses Quiz wurde 11 mal gespielt
  • Das Durchschnittsergebnis liegt bei 18 aus 25

Antwortstatistiken

Land% Korrekt
Brasilien
100%
Frankreich
100%
Italien
100%
Russland
100%
Spanien
100%
Vereinigtes Königreich
100%
Vereinigte Staaten
100%
Deutschland
89%
Iran
89%
Kanada
89%
Schweden
89%
Türkei
89%
Belgien
78%
China
78%
Portugal
78%
Schweiz
78%
Indien
67%
Irland
67%
Katar
44%
Peru
33%
Singapur
33%
Weißrussland
33%
Kuwait
22%
Saudi-Arabien
22%
Bahrain
11%

Verteilung der Resultate

Perzentil nach korrekt beantworteten Fragen

Anzahl Personen mit jedem Resultat

Ihre Resultats-Entwicklung

Sie haben dieses Quiz noch nicht gespielt